The not-quite Puritans : some genial follies and peculiar frailties of our revered New England ancestors /

Bibliographic Details
Main Author: Lawrence, Henry Wells, 1879-1942
Format: Book
Language:English
Published: Detroit : Gale Research Co., 1976
Subjects:

MARC

Tag First Indicator Second Indicator Subfields
LEADER 00000pam a2200000 i 4500
001 in00000385113
005 20151011094940.0
008 750522r1976 miuaf 00010 eng
010 |a  75016401  
020 |a 0810342499 
035 |a (OCoLC)01500243 
035 |9 ABR1423AM 
040 |a DLC  |c DLC  |d TXA  |d UtOrBLW 
043 |a n-usn-- 
049 |a TXAM  |c [1238291] 
050 0 0 |a F7  |b .L38 1976 
082 0 |a 974/.02 
100 1 |a Lawrence, Henry Wells,  |d 1879-1942. 
245 1 4 |a The not-quite Puritans :  |b some genial follies and peculiar frailties of our revered New England ancestors /  |c by Henry W. Lawrence. 
264 1 |a Detroit :  |b Gale Research Co.,  |c 1976 
264 4 |c ©1928 
300 |a x, 228 pages, 8 unnumbered leaves of plates :  |b illustrations ;  |c 23 cm. 
336 |a text  |b txt  |2 rdacontent 
337 |a unmediated  |b n  |2 rdamedia 
338 |a volume  |b nc  |2 rdacarrier 
500 |a Reprint of the edition published by Little, Brown, Boston. 
650 0 |a Puritans  |z New England. 
651 0 |a New England  |x Social life and customs  |y To 1775. 
999 |a MARS 
999 f f |s 54587c36-c56b-37e7-a943-ab12e1cbad2d  |i 45497662-089b-3ae7-a9ac-9f1fe79ab5d3  |t 0 
952 f f |p ric  |a Texas A&M University  |b Rellis Campus  |c Joint Library Facility  |d Remote Storage  |t 0  |e F7 .L38 1976  |h Library of Congress classification  |i unmediated -- volume  |m A14807721109 
998 f f |a F7 .L38 1976  |t 0  |l Remote Storage